| 000 | 00478nam a22001937a 4500 | ||
|---|---|---|---|
| 003 | MPLRDC | ||
| 005 | 20220104192121.0 | ||
| 008 | 210129b ||||| |||| 00| 0 eng d | ||
| 020 | _a978-986-241-484-2 | ||
| 082 | _a411.7 JUD | ||
| 100 | _aJUDY | ||
| 245 |
_a疗愈瑜伽解剖书 _c |
||
| 250 | _a第一版 | ||
| 260 |
_a台湾 _b天下杂志股份有限公司 _c2012 |
||
| 300 | _b平 | ||
| 490 | _a健康人生: 90 | ||
| 650 | _a身体活动 | ||
| 942 |
_cBK _o411.7 JUD |
||
| 999 |
_c64569 _d64559 |
||